Capitales sans les lettres de "Wellington" - Statistiques

Statistiques générales
  • Ce quiz a été pris 4 fois
  • Le résultat moyen est 3 sur 9
Statistiques - réponses
Continents Capitales % Correct
Afrique Abuja
75%
Asie Dacca
75%
Afrique Accra
50%
Afrique Dakar
50%
Amérique du Sud Caracas
25%
Océanie Suva
25%
Europe Vaduz
25%
Afrique Asmara
0%
Asie Damas
0%
Aucun quiz correspondant
Distribution des résultats
% des personnes avec chaque résultat
Percentile par nombre de réponses
Votre historique - résultats
Vous n’avez pas pris ce quiz